Statistics for Stations served by current LNER franchise

Click here to take the quiz!

General Stats

  • This quiz has been taken 1,467 times
  • The average score is 24 of 54

Answer Stats

Answer% Correct
York
90%
Newcastle
88%
Peterborough
86%
Leeds
84%
London Kings Cross
84%
Doncaster
81%
Aberdeen
77%
Darlington
77%
Durham
77%
Stevenage
73%
Edinburgh Waverley
70%
Inverness
70%
Grantham
68%
Newark North Gate
68%
Berwick upon Tweed
67%
Wakefield Westgate
58%
Dundee
57%
Retford
56%
Glasgow Central
54%
Northallerton
54%
Haymarket
51%
Dunbar
50%
Harrogate
49%
Morpeth
48%
Hull
47%
Perth
44%
Stirling
43%
Sunderland
42%
Aviemore
35%
Stonehaven
35%
Lincoln Central
34%
Skipton
33%
Montrose
32%
Arbroath
30%
Bradford Forster Square
30%
Leuchars
30%
Motherwell
30%
Inverkeithing
29%
Kirkcaldy
28%
Selby
28%
Pitlochry
23%
Brough
22%
Kingussie
22%
Falkirk Grahamston
21%
Shipley
21%
Horsforth
20%
Keighley
20%
Gleneagles
19%
Alnmouth for Alnwick
18%
Carrbridge
11%
Dunblane
10%
Blair Atholl
9%
Newtonmore
8%
Dunkeld & Birnam
5%

Score Distribution

Percentile by Number Answered

Percent of People with Each Score

Your Score History

You have not taken this quiz